000 00707nam a22002177a 4500
100 _aKhorshidzade, K.
245 _aExperimental and statistical studies of the effect of pressing time on the swelling and mechanical properties of the radial tyre tread compound
260 _bJournal of Rubber Research, 26(5): 2023. 345-361.
300 _bNovember
650 _aTyre tread
650 _aPressing time
650 _aSwelling test
650 _aCrosslinking density
650 _aDiffusion coefficient
700 _aMotlagh, N.V.
700 _aBrooghani, S.Y.A.
700 _aNikakhtar, A.
700 _aYaserinezhad, M.A
856 _uhttps://doi.org/10.1007/s42464-023-00214-6
942 _cJS
999 _c75258
_d75258